00282pam a2200121 a 4500020000500000041000500005082001500010100001900025245004500044250001000089260005000099300001100149 c h a741.6bHEL aHeller Steven. aGraphic Design USA 19hTextual Documents a1999. aAmerica:bAmerican Institute of Graphic Arts. aH/320.